000 00595nam a2200193 i 4500
001 89288
003 ES-MaACL
005 20230906180134.0
007 t|
008 050105s1973 sp ||||1| spa d
100 1 _aLapassade, Georges.
_970137
245 1 0 _aClaves de la Sociología /
_cGeorges Lapassade, René Lourau ; [traducción de José Luis Cano].
260 _aBarcelona :
_bLaia,
_c1973.
300 _a279 p. ;
_c19 cm.
700 1 _aCano, José Luis,
_d1912-1999
_934532
700 1 _aLourau, René.
_974324
852 _aES-MaACL
_jC-55341
_bR.88033
999 _c89288
_d89288